01167nam a2200313 a 4500001001200000003000800012006001900020007001500039008004100054010001700095020003600112040002100148035002000169050002300189082001600212100003000228245007100258250001200329260003100341300002400372500004000396504006400436533015200500650001400652655002900666710001700695856012600712999001500838ebr10001715CaPaEBRm u cr cn|||||||||000915s2001 nyua sb 001 0 eng  z 00047733  z0471371440 (cloth : alk. paper) aCaPaEBRcCaPaEBR a(OCoLC)7073419414aQA845b.S44 2001eb04a531/.112211 aShabana, Ahmed A.,d1951-10aComputational dynamicsh[electronic resource] /cAhmed A. Shabana. a2nd ed. aNew York :bWiley,cc2001. axiv, 503 p. :bill. a"A Wiley-Interscience publication." aIncludes bibliographical references (p. 493-495) and index. aElectronic reproduction.bPalo Alto, Calif. :cebrary,d2013.nAvailable via World Wide Web.nAccess may be limited to ebrary affiliated libraries. 0aDynamics. 7aElectronic books.2local2 aebrary, Inc.40uhttp://site.ebrary.com/lib/rucke/Doc?id=10001715zAn electronic book accessible through the World Wide Web; click to view c4721d4721